000 00611nam a22002177a 4500
003 UA-OsUOA
001 93630
007 ta
008 20130124b un ||||| |||| 00| 0 ukr d
100 _aАлимов О.М.
090 _a330
_bА50
942 _cSA
040 _aUA-OsUOA
_bukr
_cUA-OsUOA
_dUA-OsUOA
245 _aРозвиток фінансової системи - перспективний напрям модернізаціі економіки
300 _aС.91-93
955 _a0
041 _aukr
080 _a330
773 0 _w93625
650 7 _a330 Економіка взагалі
_2UDC
999 _c379881
_d379881